Catálogo

PUBLIC SPENDING IN THE 20TH CENTURY : (Registro nro. 47974)

Detalles MARC
000 -LEADER
fixed length control field 01085nam a2200205 a 4500
001 - CONTROL NUMBER
control field 47974
005 - DATE AND TIME OF LATEST TRANSACTION
control field 20180714032120.0
008 - FIXED-LENGTH DATA ELEMENTS--GENERAL INFORMATION
fixed length control field 140415s2000 000 0 eng d
020 ## - INTERNATIONAL STANDARD BOOK NUMBER
International Standard Book Number 0521662915
041 ## - LANGUAGE CODE
Language code of text/sound track or separate title eng
082 ## - DEWEY DECIMAL CLASSIFICATION NUMBER
Classification number 336.39
Item number TAN
100 1# - MAIN ENTRY--PERSONAL NAME
Personal name TANZI, VITO
245 10 - TITLE STATEMENT
Title PUBLIC SPENDING IN THE 20TH CENTURY :
Remainder of title A GLOBAL PERSPECTIVE
250 ## - EDITION STATEMENT
Edition statement 1a ed.
260 ## - PUBLICATION, DISTRIBUTION, ETC.
Place of publication, distribution, etc. [s.l.] :
Name of publisher, distributor, etc. CANBRIDGE UNIVERSITY PRESS,
Date of publication, distribution, etc. 2000
300 ## - PHYSICAL DESCRIPTION
Extent 412
Dimensions 23 x 15.7 x 2.2
520 ## - SUMMARY, ETC.
Summary, etc. ESTE LIBRO TRATA SOBRE EL ROL CAMBIANTE DE LAS FINANZAS DEL GOBIERNO EN EL SIGLO XXI . ATESORA EL ENORME INCREMENTO EN GATSOS DEL GOBIERNO A TRAVÉS DE TODOS LOS PÁISES INDUSTRIALIZADOS. ADEMÁS EL AUTOR ENCONTRÓ CÓMO EL CRECIMIENTO EN GASTOS GUBERNAMENTALES EN LOS ÚLTIMOS 35 AÑOS HO HAN TRAIDO UN BIENESTAR SOCIAL PARALELO. DEMOSTRANDO QUE LOS GASTOS GUBERNAMENTALES PUEDEN SER MENORES, SIN SACRIFICAR OBJETIVOS POLÍTICOS IMPORTANTES. LOS GOBIERNOS TIENE QUE REDEFINIR SU ROL AL DICTAR LA
650 14 - SUBJECT ADDED ENTRY--TOPICAL TERM
Topical term or geographic name entry element GASTO PUBLICO
General subdivision POLITICA GUBERNAMENTAL
700 1# - ADDED ENTRY--PERSONAL NAME
Personal name SCHUKNECHT, LUDGER
Relator term coaut.
Existencias
Withdrawn status Lost status Source of classification or shelving scheme Damaged status Not for loan Collection code Home library Current library Shelving location Date acquired Source of acquisition Inventory number Total Checkouts Full call number Barcode Date last seen Price effective from Koha item type
    Dewey Decimal Classification     General Biblioteca Karol Wojtyla Biblioteca Karol Wojtyla Sala general 03/12/2013 Compra 151000000000000000052234   336.39 TAN 71813 05/01/2026 03/12/2013 Libro